Normal view MARC view
  • DIE DESIGN HANDBOOK

Entry Topical Term

Number of records used in: 1

001 - CONTROL NUMBER

  • control field: 57282

003 - CONTROL NUMBER IDENTIFIER

  • control field: NUST

005 - DATE AND TIME OF LATEST TRANSACTION

  • control field: 20210628201905.0

008 - FIXED-LENGTH DATA ELEMENTS

  • fixed length control field: 210628|| aca||aabn | a|a d

040 ## - CATALOGING SOURCE

  • Original cataloging agency: NUST
  • Transcribing agency: NUST

150 ## - HEADING--TOPICAL TERM

  • Topical term or geographic name entry element: DIE DESIGN HANDBOOK

670 ## - SOURCE DATA FOUND

  • Source citation: Work cat.: (NUST): SEHN, FRANCIS.J 57281, DIE DESIGN HANDBOOK, 1955
© 2023 Central Library, National University of Sciences and Technology. All Rights Reserved.